000 00672nam a22002417a 4500
001 BR6006617
003 BR-BrBNA
005 20230928083246.0
007 ta
008 230509b bl.||||| |||| 00| 0 por d
040 _aBR-BrBNA
_bpor
_cBiblioteca Nacional de Agricultura
041 _a(Por)
072 _aF03
_b0470
_b3575
090 _ 0470 BR6006617
110 1 _aInstituto de Pesquisas e Experimentacao Agropecuarias da Amazonia Ocidental, Manaus, AM (Brasil)
_96170
245 1 _aEstudos sobre juta
260 3 _aManaus, AM (Brasil):
_c[nd].
300 _a5 p.
650 _aJUTA
650 _aSEMENTE
909 _a202309
_bLucia
_c55
_dLucia Elande
942 _cBK
999 _c12443
_d12443